Simpsonized Pop Culture Quiz Stats

Quiz Updated Nov 27, 2015

Challenge
Share
Tweet
Score 0/30 Timer 05:00
1 Play Today
% Correct
James Bond
98.7%
Men in Black
96.1%
Michael Jackson
95.3%
Indiana Jones
94.7%
Rocky Balboa
94.6%
Captain Jack Sparrow
94.3%
Mario & Luigi
94.3%
Ghostbusters
94.3%
Luke Skywalker
93.9%
Mr. Bean
92.8%
Forrest Gump
92.3%
Edward Scissorhands
92.2%
Spock
91.1%
Elvis Presley
90%
Serena Williams
90%
% Correct
Hulk Hogan
89.8%
Sheldon Cooper
89.5%
William Wallace
88.8%
Rambo
88.3%
Michael Jordan
87.9%
Marty McFly
86.4%
Daniel LaRusso
85.1%
Walter White
84.1%
Steven Spielberg
83.4%
Chuck Norris
82.7%
Psy
81.1%
Napoleon Dynamite
80.8%
He-Man
75.9%
Peyton Manning
65.8%
David Letterman
47.3%

You're not logged in!

Compare scores with friends on all Sporcle quizzes.
Sign Up with Email
OR
Log In

You Might Also Like...

Show Comments

Extras

Top Quizzes Today


Score Distribution

Your Account Isn't Verified!

In order to create a playlist on Sporcle, you need to verify the email address you used during registration. Go to your Sporcle Settings to finish the process.